LEADER 01382nam a2200313 u 4500 001 000000049563 003 CaOOAMICUS 005 20150708125103.0 008 000705s1992 it u000 u ita u 020 $a8821524199 035 $a10851620 040 $aPUL$bita 100 1 $aPenna, Romano,$d1937-$0(OLS)http://pul/name/11954 245 14$aUna fede per vivere :$bseguendo il filo della Lettera ai Romani /$cRomano Penna. 260 $aCinisello Balsamo (MI) :$bEdizioni Paoline,$c1992. 300 $a203 p.$c21 cm 490 1 $aFrammenti di saggezza biblica ;$v9 504 $aBibliografia in nota. 630 04$aBiblia.$pN.T.$pAd Romanos.$0(OLS)http://pul/subject/15045 830 0$aFrammenti di saggezza biblica ;$v9.$0(OLS)http://pul/title/66816 850 $aPUL 852 $aPUL$W1$xSL Religione 1$y3$m10 E 74$j65839$nBK-PRI$b $qStampati$B65839$CPULBib$Z2$F65839 $H $81 852 $aPUL$W1$xDP1 Fondo S. Lanza$y121$m3 G 56$j167074$qFondi$B167658$CPULBib$Z2$F167658 $HLAN897 $82 941 1 $a8 941 1 $a1 961 $aINV: 82424 996 $6020$a8821524199$9(OLS)http://pul/number/62637 996 $6245$aUna fede per vivere :$bseguendo il filo della Lettera ai Romani$9(OLS)http://pul/title/66815 996 $6260$aCinisello Balsamo (MI) :$bEdizioni Paoline$9(OLS)http://pul/publisher/49823 LEADER 01168nam a2200289 u 4500 001 000000060803 003 CaOOAMICUS 005 20070226120944.0 008 010802s1988 fr u000 u fre u 020 $a2213021252 035 $a10899371 040 $aPUL(R)$bita 100 1 $aLubac, Henri de,$cS.I.,$d1896-1991.$0(OLS)http://pul/name/6263 245 10$aRésistence chrétienne à l'antisémitisme :$bsouvenirs 1940-1944 /$cHenri de Lubac. 260 $aParis :$bFayard,$cc1988. 300 $a270 p. ;$c22 cm 504 $aBibliografia in nota. 650 4$aAntisemitismo.$0(OLS)http://pul/subject/17285 650 4$aCristianesimo e antisemitismo.$0(OLS)http://pul/subject/23338 850 $aPUL 852 $aPUL$W1$xSL Religione 1$y3$m55 M 31$j79313$nBK-PRI$b $qStampati$B79313$CPULBib$Z2$F79313 $H $81 900 $aDe Lubac, Henri$96263 941 1 $a8 961 $aINV: 79541 996 $6020$a2213021252$9(OLS)http://pul/number/78628 996 $6245$aRésistence chrétienne à l'antisémitisme :$bsouvenirs 1940-1944$9(OLS)http://pul/title/81250 996 $6260$aParis :$bFayard$9(OLS)http://pul/publisher/52106